Zwycięzcy w sezonie 2016/2017 skoki narciarskie - Statystyki

Ogólne statystyki
  • Ten quiz został rozwiązany 304 razy
  • Średni wynik to 5 z 5
Statystyki odpowiedzi
Zawodnik / Reprezentacja % Poprawnych
Puchar Narodów Reprezentacja Polski | Polska
96%
65 Turniej Czterech Skoczni Kamil Stoch
95%
Kryształowa Kula Stefan Kraft
95%
Raw Air Stefan Kraft
93%
Puchar Świata w Lotach Narciarskich Stefan Kraft
91%
Nie znaleziono quizów pasujących do podanych kryteriów
Rozkład punktacji
Procent ludzi z każdym wynikiem
Percentyl według liczby udzielonych odpowiedzi
Twoja historia wyników
Nie rozwiązałeś tego quizu